MARC details
| 000 -CABECERA |
| campo de control de longitud fija |
00998nam a2200253 a 4500 |
| 001 - NÚMERO DE CONTROL |
| campo de control |
000004791 |
| 003 - IDENTIFICADOR DEL NÚMERO DE CONTROL |
| campo de control |
DO-SdBNP |
| 005 - FECHA Y HORA DE LA ÚLTIMA TRANSACCIÓN |
| campo de control |
20240305081127.0 |
| 007 - CAMPO FIJO DE DESCRIPCIÓN FÍSICA--INFORMACIÓN GENERAL |
| campo de control de longitud fija |
ta |
| 008 - DATOS DE LONGITUD FIJA--INFORMACIÓN GENERAL |
| campo de control de longitud fija |
090727s1993 dr 000 0 spa d |
| 040 ## - FUENTE DE LA CATALOGACIÓN |
| Centro catalogador/agencia de origen |
DO-SdBNP |
| Lengua de catalogación |
spa |
| Centro/agencia transcriptor |
BNPHU |
| 082 ## - NÚMERO DE LA CLASIFICACIÓN DECIMAL DEWEY |
| Número de clasificación |
923.5 |
| Número de documento/Ítem |
V335h |
| Número de edición |
22 |
| 100 1# - ENTRADA PRINCIPAL--NOMBRE DE PERSONA |
| Nombre de persona |
Vásquez y Vásquez, Pedro Ramón |
| 9 (RLIN) |
13918 |
| 245 10 - MENCIÓN DE TÍTULO |
| Título |
Historial de Interior y Policía, 1844-1988. / |
| Mención de responsabilidad, etc. |
Pedro Ramón Vásquez y Vásquez ; prólogo Miguel A. Holguín Veras. |
| 260 ## - PUBLICACIÓN, DISTRIBUCIÓN, ETC. |
| Lugar de publicación, distribución, etc. |
Santo Domingo : |
| Nombre del editor, distribuidor, etc. |
Universidad Interamericana, |
| Fecha de publicación, distribución, etc. |
1993. |
| 300 ## - DESCRIPCIÓN FÍSICA |
| Extensión |
134 p. ; |
| Dimensiones |
21 cm. |
| 590 ## - NOTA LOCAL (RLIN) |
| Nota local |
Inventariado, 2023 / DG |
| 650 #4 - PUNTO DE ACCESO ADICIONAL DE MATERIA--TÉRMINO DE MATERIA |
| Término de materia o nombre geográfico como elemento de entrada |
Ministros de gobiernos |
| Subdivisión geográfica |
República Dominicana |
| Subdivisión general |
Biografias |
| 9 (RLIN) |
13920 |
| 651 #4 - PUNTO DE ACCESO ADICIONAL DE MATERIA--NOMBRE GEOGRÁFICO |
| Nombre geográfico |
República Dominicana |
| Nombre geográfico que sigue al elemento de entrada de lugar [OBSOLETO] |
SECRETARIA DE ESTADO DE INTERIOR Y POLICIA |
| Subdivisión general |
Funciones Prácticas |
| -- |
Biografías |
| 9 (RLIN) |
13919 |
| 700 1# - PUNTO DE ACCESO ADICIONAL--NOMBRE DE PERSONA |
| Nombre de persona |
Holguín Veras, Miguel A., |
| Fechas asociadas al nombre |
1927-2007 |
| 9 (RLIN) |
13921 |
| 710 1# - PUNTO DE ACCESO ADICIONAL--NOMBRE DE ENTIDAD CORPORATIVA |
| Nombre de entidad corporativa o nombre de jurisdicción como elemento de entrada |
Universidad Interamericana, |
| Unidad subordinada |
Departamento de Cultura y Publicaciones |
| 9 (RLIN) |
13922 |
| 910 ## - DATOS DE OPCIÓN DEL USUARIO (OCLC) |
| Datos de opción del usuario |
DG |
| 942 ## - ELEMENTOS DE PUNTO DE ACCESO ADICIONAL (KOHA) |
| Fuente del sistema de clasificación o colocación |
Dewey Decimal Classification |
| Tipo de ítem Koha |
Libro |